[Event "13th Guillermo Garcia mem Prem II"]
[Site "Santa Clara CUB"]
[Date "2005.05.23"]
[Round "3"]
[White "Kallio,H"]
[Black "Quezada,Y"]
[Result "1/2-1/2"]
[WhiteElo "2469"]
[BlackElo "2502"]

1.d4 Nf6 2.c4 e6 3.Nf3 b6 4.Nc3 Bb7 5.Bg5 Be7 6.e3 h6 7.Bh4 Ne4 8.Bxe7 Qxe7
9.Nxe4 Bxe4 10.Bd3 Qb4+ 11.Qd2 Qxd2+ 12.Kxd2 Bxd3 13.Kxd3 d6 14.Nd2 Nd7 15.f4 f5
16.b4 O-O 17.a4 a5 18.bxa5 Rxa5 19.Nb3 Ra6 20.a5 Rb8 21.axb6 Raxb6 22.Nd2 c5
23.Rhb1 Rxb1 24.Nxb1 Rb3+ 25.Nc3 Nf6 26.Rb1 Ra3 27.Kc2 Ng4 28.Rb8+ Kh7 29.Kb2 Ra7
30.dxc5 dxc5 31.Nd1 Rd7 32.Kc1 Nxh2 33.Rc8 Nf1 34.Rxc5 Nd2 35.Rc6 Nb3+ 36.Kc2 Na1+
37.Kc1 Nb3+ 38.Kc2 Na1+ 39.Kc1 Nb3+  1/2-1/2

[Event "Chigorin CC"]
[Site "St Petersburg RUS"]
[Date "2005.05.23"]
[Round "7"]
[White "Fedoseev,S"]
[Black "Lanin,A"]
[Result "0-1"]
[WhiteElo "2302"]
[BlackElo "2407"]

1.d4 Nf6 2.Nf3 e6 3.c4 b6 4.Nc3 Bb4 5.g3 O-O 6.Bg2 Bb7 7.O-O c5 8.a3 Bxc3
9.bxc3 d6 10.a4 Nc6 11.Nd2 Qc7 12.Nb3 Ba6 13.dxc5 dxc5 14.Nd2 Rad8 15.Qc2 Na5
16.Ne4 Nxe4 17.Bxe4 h6 18.Bd3 Bxc4 19.Bxc4 Nxc4 20.Qe4 Nd2 21.Bxd2 Rxd2 22.Rfb1 Qd7
23.Qc4 Qd5 24.Qa6 Qe5 25.Qxa7 Qxe2 26.Rf1 Rb2 27.a5 bxa5 28.Qxc5 Rb5 29.Qc7 Qe5
30.Qxe5 Rxe5 31.Rfb1 Rc8 32.Ra3 g5 33.Rb7 Rcc5 34.Ra7 h5 35.Kg2 Rf5 36.h3 Kg7
37.g4 hxg4 38.hxg4 Rfe5 39.Kg3 Kg6 40.Ra6 Re1 41.f3 Rd5 42.R6xa5 Rd2 43.Ra2 Rg1+
44.Kh3 Rd3 45.Rf2 Rxc3 46.Kh2 Re1 47.Ra6 Ree3 48.Kg2 Rc4 49.Ra8 Kg7 50.Ra5 Kf6
51.Ra6 Rf4 52.Raa2 Kg6 53.Rae2 Rfxf3 54.Rxf3 Rxe2+ 55.Kg3 f5 56.gxf5+ exf5
57.Rb3 Kh5 58.Kf3 Ra2 59.Kg3 f4+ 60.Kf3 Kh4 61.Rb7 Ra3+ 62.Ke4 Kg3 63.Rb1 Re3+
64.Kf5 f3 65.Rg1+ Kh2 66.Rxg5 f2  0-1

[Event "Chigorin CC"]
[Site "St Petersburg RUS"]
[Date "2005.05.24"]
[Round "8"]
[White "Vunder,A"]
[Black "Malakhov,I"]
[Result "1/2-1/2"]
[WhiteElo "2288"]
[BlackElo "2197"]

1.d4 Nf6 2.Nf3 e6 3.c4 b6 4.Nc3 Bb7 5.Bg5 Be7 6.Qc2 d6 7.e3 Nbd7 8.Be2 O-O
9.Rd1 h6 10.Bh4 Nh7 11.Bxe7 Qxe7 12.O-O f5 13.b4 a5 14.a3 axb4 15.axb4 Ng5
16.d5 Nxf3+ 17.Bxf3 e5 18.e4 fxe4 19.Bxe4 Nf6 20.Bf5  1/2-1/2

[Event "TCh-ROM A"]
[Site "Tusnad ROM"]
[Date "2005.05.25"]
[Round "5"]
[White "Sandor,Petr"]
[Black "Parligras,M"]
[Result "0-1"]
[WhiteElo "2136"]
[BlackElo "2560"]

1.d4 Nf6 2.c4 e6 3.Nf3 b6 4.Nc3 Bb7 5.e3 d5 6.Be2 Bd6 7.O-O Nbd7 8.a3 c5
9.b3 O-O 10.Bb2 Qe7 11.Qc2 dxc4 12.bxc4 Rac8 13.e4 cxd4 14.Nxd4 Ne5 15.Qb3 Nxe4
16.Nxe4 Bxe4 17.Qe3 Ba8 18.Rfc1 Qh4 19.h3 Ng6 20.Nxe6 fxe6  0-1

[Event "30th Elekes Mem GM"]
[Site "Budapest HUN"]
[Date "2005.05.30"]
[Round "10"]
[White "Berczes,D"]
[Black "Medvegy,Z"]
[Result "1/2-1/2"]
[WhiteElo "2342"]
[BlackElo "2474"]

1.d4 Nf6 2.c4 e6 3.Nf3 b6 4.Nc3 Bb7 5.a3 d5 6.cxd5 Nxd5 7.Qc2 Nxc3 8.bxc3 Qd5
9.e3 Bd6 10.Bd3 Qh5 11.Be4 Bxe4  1/2-1/2

[Event "14th CRO-Cup"]
[Site "Sibenik CRO"]
[Date "2005.05.31"]
[Round "2"]
[White "Jovanic,O"]
[Black "Kurajica,B"]
[Result "0-1"]
[WhiteElo "2435"]
[BlackElo "2539"]

1.d4 Nf6 2.c4 e6 3.Nf3 b6 4.Nc3 Bb4 5.Bg5 Bb7 6.e3 Bxc3+ 7.bxc3 d6 8.Nd2 Nbd7
9.f3 h6 10.Bh4 O-O 11.e4 e5 12.Be2 Qe8 13.Bf2 Nh5 14.Nf1 f5 15.exf5 Nf4 16.Ne3 e4
17.fxe4 Nxe2 18.Qxe2 Qxe4 19.O-O Rxf5 20.Qc2 Qxc2 21.Nxc2 Re8 22.Rfe1 Re4
23.Rxe4 Bxe4 24.Ne3 Ra5 25.a3 Ra4 26.Bh4 g5 27.Be1 Kg7 28.Kf2 Bd3 29.Nd1 Ra5
30.Ne3 Nf6 31.Kf3 Ra4 32.h4 Kg6 33.hxg5 hxg5 34.Ng4 Be4+ 35.Ke3 Nxg4+ 36.Kxe4 Rxc4
37.Bd2 Nf6+ 38.Kd3 Ra4 39.Ra2 d5 40.Bc1 Ne4 41.Re2 b5 42.Re1 Rc4 43.Bb2 Rc6
44.a4 bxa4 45.Ra1 Rc4 46.Re1 a3 47.Ba1 Rc6 48.c4 dxc4+  0-1

[Event "14th CRO-Cup"]
[Site "Sibenik CRO"]
[Date "2005.06.03"]
[Round "7"]
[White "Jovanic,O"]
[Black "Zaja,I"]
[Result "1-0"]
[WhiteElo "2435"]
[BlackElo "2489"]

1.d4 Nf6 2.c4 e6 3.Nf3 b6 4.Nc3 Bb4 5.Bg5 h6 6.Bh4 Bb7 7.e3 g5 8.Bg3 Ne4
9.Qc2 Bxc3+ 10.bxc3 d6 11.Bd3 f5 12.d5 Nd7 13.Bxe4 fxe4 14.Qxe4 Qf6 15.O-O Nc5
16.Qd4 Qf8 17.e4 O-O-O 18.e5 Rh7 19.Rfe1 Qf5 20.Rad1 Re7 21.h3 exd5 22.exd6 Rxe1+
23.Rxe1 cxd6 24.Re7 dxc4 25.Bxd6 Qb1+ 26.Kh2 Bxf3 27.Rc7+ Kb8 28.Rd7+ Kc8
29.Rxd8+ Kxd8 30.Bxc5+ Kc8 31.gxf3 bxc5 32.Qxc5+ Kb7 33.Qxc4 Qc1 34.Kg2 a6
35.Qe4+ Kb8 36.Qb4+ Kc7 37.a4 Qf4 38.Qc5+ Kb7 39.Qd5+ Kc7 40.Qc5+ Kb7 41.a5 Qf6
42.Qb4+ Kc7 43.c4 Qd4 44.Qe7+ Kb8 45.c5 Qc4 46.Qd8+ Kb7 47.Qd7+ Kb8 48.c6  1-0

[Event "FSIM June"]
[Site "Budapest HUN"]
[Date "2005.06.04"]
[Round "1"]
[White "Kahn,E"]
[Black "Farago,S"]
[Result "1/2-1/2"]
[WhiteElo "2293"]
[BlackElo "2262"]

1.d4 Nf6 2.c4 e6 3.Nc3 b6 4.Nf3 Bb7 5.g3 d5 6.cxd5 exd5 7.Bg2 h6 8.O-O Be7
9.Bf4 a6 10.Rc1 Nbd7 11.h3 O-O 12.g4 Rc8 13.Bg3 Ne4 14.Bf4 Nef6  1/2-1/2

[Event "TCh-BIH Prem"]
[Site "Neum BIH"]
[Date "2005.06.09"]
[Round "6"]
[White "Atalik,S"]
[Black "Zelic,Z"]
[Result "1/2-1/2"]
[WhiteElo "2561"]
[BlackElo "2366"]

1.d4 Nf6 2.c4 e6 3.Nf3 b6 4.Nc3 Bb4 5.Bg5 Bb7 6.e3 h6 7.Bh4 O-O 8.Bd3 Be7
9.O-O Nh5 10.Bxe7 Qxe7 11.Nd2 Nf6 12.e4 d6 13.f4 c5 14.e5 Ne8 15.d5 dxe5
16.Qe2 exf4 17.Rxf4 Nd7 18.Raf1 Nd6 19.Nde4 Nf5 20.Qh5 Ne5 21.Bc2 Ng6 22.Rg4 exd5
23.Qxf5 dxe4 24.Nd5 Bxd5 25.cxd5 Qe5 26.Qxe5 Nxe5 27.Rxe4 f6 28.d6 Rfd8 29.Rd1 c4
30.Red4 Rac8 31.Bf5 Rc6 32.Be6+ Kf8 33.a4 Nf7 34.Bxf7 Kxf7 35.Kf2 Rd7 36.Kf3 a6
37.Ke4 Rc5 38.g4 h5 39.h3 h4 40.Kf3 c3 41.bxc3 Rxc3+ 42.Kg2 Rc5 43.Rb1 b5
44.axb5 axb5 45.Rbd1 Rc6 46.R1d2 Rb6 47.Rb2 Rdxd6 48.Rxd6 Rxd6 49.Rxb5 Rd2+
50.Kg1 Ke6 51.g5 Rd5 52.Rb6+ Rd6 53.Rb7 Rd7 54.Rb6+ Ke5 55.gxf6 gxf6 56.Kf2 Rd3
57.Rb4 Rxh3 58.Kg2 Rg3+ 59.Kf2 Rh3 60.Kg2 Ra3 61.Rxh4 Ra2+ 62.Kf3 f5 63.Rb4 Ra3+
64.Kf2 Kf6 65.Rc4 Kg5 66.Rb4 Rh3 67.Ra4  1/2-1/2

[Event "Open"]
[Site "Voronezh RUS"]
[Date "2005.06.12"]
[Round "1"]
[White "Zakharevich,I"]
[Black "Derbenev,A"]
[Result "1-0"]
[WhiteElo "2505"]
[BlackElo "2310"]

1.d4 e6 2.c4 Nf6 3.Nf3 b6 4.Nc3 Bb7 5.a3 d5 6.Qc2 c5 7.cxd5 exd5 8.e4 Nxe4
9.Nxe4 dxe4 10.Bb5+ Bc6 11.Qxe4+ Qe7 12.Ne5 Bxb5 13.Qxa8 Qd6 14.Bf4 Be7 15.dxc5 bxc5
16.Rd1 Qb6 17.Nd7 Qe6+ 18.Be3 Bxd7 19.Qxb8+ Bc8 20.O-O O-O 21.Qc7 Re8 22.Bxc5 Bf6
23.Qa5 Qc6 24.Rfe1 Rxe1+ 25.Rxe1 Bb7 26.f3 h5 27.Qxa7 h4 28.Bd4 Bg5  1-0

[Event "St Petersburg vs Moscow"]
[Site "St Petersburg RUS"]
[Date "2005.06.14"]
[Round "1"]
[White "Gerasimov,Y"]
[Black "Popov,Iv RUS"]
[Result "1/2-1/2"]
[WhiteElo "2302"]
[BlackElo "2464"]

1.d4 Nf6 2.Nf3 e6 3.c4 b6 4.Nc3 Bb4 5.Bd2 Bb7 6.g3 Bxf3 7.exf3 O-O 8.Bg2 d5
9.cxd5 exd5 10.O-O c6 11.Rc1 Bd6 12.Ne2 a5 13.Qb3 Ra7 14.Rfe1 h6 15.Nf4 a4
16.Qc2 c5 17.dxc5 bxc5 18.Be3 Nbd7 19.Nd3 Qa8 20.f4 Rc7 21.Ne5 Nb6 22.Red1 Qc8
23.Bd2 Qa6 24.Qf5 Rd8 25.Ng4 Nxg4 26.Qxg4 Kh8 27.Qf5 Bf8 28.Bc3 Rcd7 29.Bf1 c4
30.Bd4 Nc8 31.Bh3 Qc6 32.b3 axb3 33.axb3 Kg8 34.Be5 Nd6 35.Qd3 Rb7 36.bxc4 dxc4
37.Qd4 Qb6 38.Bf1 Qxd4 39.Rxd4 f6 40.Bxc4+ Kh7 41.Bd3+ Kg8 42.Bxd6 Rxd6 43.Rxd6 Bxd6
44.Rc8+ Kf7 45.Bc4+ Kg6 46.Kg2 Rc7 47.Bd3+ Kf7 48.Rd8 Be7 49.Rh8 Bf8 50.h4 Rc5
51.Bb1 Ra5 52.Bc2 Rb5 53.Bd3 Rc5 54.g4 g6 55.Rh7+ Bg7 56.Bb1  1/2-1/2

[Event "PanAmY U18B"]
[Site "Balneario Camboriu BRA"]
[Date "2005.06.15"]
[Round "7"]
[White "Garcia,Jh"]
[Black "Cordova,Em"]
[Result "1-0"]
[WhiteElo "2221"]
[BlackElo "2384"]

1.d4 Nf6 2.Nf3 e6 3.c4 b6 4.Nc3 Bb4 5.Qc2 Bb7 6.a3 Bxc3+ 7.Qxc3 Ne4 8.Qc2 f5
9.e3 O-O 10.Bd3 d6 11.b3 Nd7 12.Bb2 a5 13.O-O Ng5 14.Nxg5 Qxg5 15.e4 f4 16.f3 e5
17.c5 bxc5 18.Bc4+ d5 19.dxc5 dxc4 20.c6 Ba6 21.cxd7 c3 22.Qxc3 Bxf1 23.Rxf1 Qe7
24.Qxc7 Rfd8 25.Rd1 h6 26.Bxe5 Kh7 27.Bxf4 Qf7 28.Rd3 Qf6 29.Be5 Qa6 30.Qc3 Qa7+
31.Qd4 Rxd7 32.Qxa7 Raxa7 33.Bd6 Kg6 34.Kf2 Rac7 35.g4 Rc2+ 36.Kg3 Kf7 37.f4 Re2
38.e5 g6 39.Rf3 Ke6 40.f5+ gxf5 41.gxf5+ Kd5 42.f6 Ke6 43.b4 axb4 44.axb4 Ra7
45.b5 Raa2 46.h3 Kf7 47.Kf4 Ke6 48.b6 Reb2 49.Kg4 Rg2+ 50.Kh5 Rg5+ 51.Kxh6 Rag2
52.f7 Rg6+ 53.Kh5 R6g5+ 54.Kh4 Rg7 55.Rf6+  1-0

[Event "III Open"]
[Site "Bajada de la Virgen ESP"]
[Date "2005.06.17"]
[Round "7"]
[White "Agrest,E"]
[Black "Vijayalakshmi,S"]
[Result "1-0"]
[WhiteElo "2579"]
[BlackElo "2412"]

1.d4 Nf6 2.c4 e6 3.Nf3 b6 4.Nc3 Bb7 5.a3 d6 6.d5 e5 7.e4 Be7 8.Be2 Nbd7 9.b4 O-O
10.O-O a5 11.Bb2 Nh5 12.g3 g6 13.Ne1 Ng7 14.Nd3 f5 15.Qb3 f4 16.gxf4 exf4
17.Bf3 Bf6 18.Kh1 Bc8 19.Nb5 Ne5 20.Nxe5 dxe5 21.c5 g5 22.Rg1 h5 23.Be2 Kh7
24.Rac1 g4 25.d6 cxd6 26.Nxd6 bxc5 27.bxc5 f3 28.Bc4 Qe7 29.Rcd1 Bd7 30.Bc1 Bh4
31.Qe3 Rf6 32.Rd5 Bc6 33.Bb2 Re6 34.Nf5 Nxf5 35.exf5 Bg5 36.Qe4 Rf6 37.Rxe5 Qf8
38.Re7+ Kh6 39.Qe1 Re8 40.Bxf6 Rxe7 41.Bxe7 Qxe7 42.Qxe7 Bxe7 43.Re1 Bxc5
44.Re6+ Kg5 45.Rxc6 Bxf2 46.f6 h4 47.Bd5  1-0

[Event "III Open"]
[Site "Bajada de la Virgen ESP"]
[Date "2005.06.17"]
[Round "7"]
[White "Mirzoev,A"]
[Black "Carlsson,P"]
[Result "1-0"]
[WhiteElo "2545"]
[BlackElo "2401"]

1.d4 Nf6 2.Nf3 e6 3.c4 b6 4.Nc3 Bb4 5.Bg5 Bb7 6.Nd2 h6 7.Bh4 Bxc3 8.bxc3 g5
9.Bg3 d6 10.f3 Qe7 11.e4 Nc6 12.Bf2 Nh5 13.g3 O-O-O 14.Bd3 f5 15.Qe2 Qf7
16.O-O-O Kb8 17.Rhe1 Ng7 18.Bg1 Rhe8 19.Nb3 Rf8 20.Qb2 Qh5 21.Nd2  1-0

[Event "19th Open Pula"]
[Site "Pula CRO"]
[Date "2005.06.20"]
[Round "2"]
[White "Jovanic,O"]
[Black "Dickhoff,R"]
[Result "1-0"]
[WhiteElo "2435"]
[BlackElo "2199"]

1.d4 Nf6 2.c4 e6 3.Nf3 b6 4.Nc3 Bb7 5.a3 d5 6.Bg5 Be7 7.e3 O-O 8.Rc1 Nbd7
9.cxd5 exd5 10.Bd3 c5 11.Bf5 g6 12.Bh3 c4 13.O-O Ne4 14.Bxe7 Qxe7 15.Nxe4 dxe4
16.Nd2 b5 17.b3 Nb6 18.a4 cxb3 19.axb5 Qb4 20.Nxb3 Qxb5 21.Nc5 Bd5 22.Rb1 Qe8
23.g3 Qe7 24.Qd2 f5 25.Rfc1 Rfc8 26.Bf1 Rc7 27.Qa5 Rac8 28.Ba6 Rd8 29.Rc3 Rd6
30.Rbc1 Rd8 31.Na4 Rxc3 32.Rxc3 Qd6 33.Bf1 Nxa4 34.Qxa4 Qb6 35.Ra3 Qe6 36.Qxa7 Ra8
37.Qc5 Rxa3 38.Qxa3 Bc4 39.Qc5 Bxf1 40.Kxf1 Qa6+ 41.Kg2 Qe2 42.Qc8+ Kg7 43.Qc7+ Kg8
44.Qb8+ Kg7 45.Qf4 Qd1 46.h3 h5 47.Qe5+ Kf7 48.Qc7+ Kf6 49.Qf4 Ke6 50.Qe5+ Kf7
51.Kh2 Qe2 52.Qf4 Ke6 53.g4 hxg4 54.hxg4 Qd1 55.Kg3 Qg1+ 56.Kh4 Kf6 57.Qe5+ Kf7
58.Qg3 Qa1 59.Qc7+ Kf6 60.Qd6+ Kf7 61.Qd7+ Kg8 62.Kg5 fxg4 63.Qe8+ Kh7 64.Qf7+ Kh8
65.Kxg6  1-0

[Event "White Nights"]
[Site "St Petersburg RUS"]
[Date "2005.06.20"]
[Round "3"]
[White "Kryschilovskij,A"]
[Black "Golovchenko,G"]
[Result "1-0"]
[WhiteElo "2397"]
[BlackElo "2293"]

1.d4 Nf6 2.c4 e6 3.Nf3 b6 4.Nc3 Bb7 5.a3 d5 6.Bg5 Be7 7.Bxf6 Bxf6 8.cxd5 exd5
9.Qa4+ Nd7 10.e3 a6 11.Bd3 O-O 12.Bf5 Nb8 13.Rd1 g6 14.Bb1 Nd7 15.Ba2 c6
16.O-O Re8 17.Rfe1 Nf8 18.b4 b5 19.Qb3 Nd7 20.e4 Nb6 21.e5 Bg7 22.a4 Nxa4
23.Nxa4 bxa4 24.Qxa4 Qb6 25.Qa5 Qb5 26.h3 Bf8 27.Rb1 Bc8 28.Rb3 Bd7 29.Reb1 Reb8
30.Qa3 a5 31.Qc1 axb4 32.R1b2 Bf5 33.Qf4 Rb7 34.Kh2 Be7 35.h4 c5 36.dxc5 Bxc5
37.Bb1 Qc4 38.Qh6 Bf8 39.Qg5 Be7 40.Qh6 Bf8 41.Qg5 Bxb1 42.Rxb1 Be7 43.Qh6 Bf8
44.Qg5 Ra2 45.h5 Rxf2 46.hxg6 hxg6 47.Qg3 Re2 48.Ng5 Ra7 49.e6 f6 50.Qb8 Raa2
51.Rg3 fxg5 52.Rf1 Qh4+ 53.Kg1 Qd4+ 54.Kh1 Qh8+ 55.Rh3 Qxh3+ 56.gxh3 Rh2+
57.Qxh2 Rxh2+ 58.Kxh2 Kg7 59.Rf7+ Kg8 60.Rb7 Bd6+ 61.Kg2 Kf8 62.Kf3 Be5 63.Kg4 Bf4
64.h4 Bd2 65.h5 gxh5+ 66.Kxh5 b3 67.Kg6 Ke8 68.Kf5 g4 69.Kxg4  1-0

[Event "Open"]
[Site "Voronezh RUS"]
[Date "2005.06.20"]
[Round "8"]
[White "Chuprov,D"]
[Black "Obukhov,A"]
[Result "0-1"]
[WhiteElo "2454"]
[BlackElo "2522"]

1.d4 Nf6 2.c4 e6 3.Nf3 b6 4.Nc3 Bb4 5.Bg5 h6 6.Bh4 g5 7.Bg3 Ne4 8.Qc2 Bb7
9.e3 Bxc3+ 10.bxc3 Nxg3 11.hxg3 d6 12.Bd3 Nd7 13.Be4 Bxe4 14.Qxe4 Nf6 15.Qc2 Ke7
16.e4 Qc8 17.O-O Nd7 18.Nd2 h5 19.Qd3 Qg8 20.f4 gxf4 21.Rxf4 Qg6 22.Raf1 Rh7
23.R1f2 Rg8 24.Nf1 Rgg7 25.Ne3 Ke8 26.R2f3 Qg5 27.c5 bxc5 28.Qa6 h4 29.Qc8+ Qd8
30.Qxd8+ Kxd8 31.gxh4 cxd4 32.cxd4 e5 33.dxe5 dxe5 34.Rf5 Rxh4 35.Nd5 Rxe4
36.Rh5 Kc8 37.Rc3 c5 38.Rh6 Re2 39.g3 f5 40.Rc6+ Kd8 41.Ra3 Rb2 42.Rh6 Kc8
43.Rxa7 Kb8 44.Rc7 Rxg3+ 45.Kf1 Rb7 46.Rh8+ Ka7 47.Rcc8 Ka6 48.Ra8+ Kb5 49.Rh7 Rd3
50.Nf6 c4 51.Ke2 f4 52.a4+ Kb4 53.Rd8 f3+ 54.Kf2 c3 55.Nxd7  0-1

[Event "19th Open Pula"]
[Site "Pula CRO"]
[Date "2005.06.23"]
[Round "6"]
[White "Jovanic,O"]
[Black "Kveinys,A"]
[Result "1/2-1/2"]
[WhiteElo "2435"]
[BlackElo "2539"]

1.d4 Nf6 2.c4 e6 3.Nf3 b6 4.Nc3 Bb7 5.a3 d5 6.cxd5 Nxd5 7.Qc2 Be7 8.Bd2 O-O
9.e4 Nxc3 10.Bxc3 c5 11.dxc5 bxc5 12.Rd1 Qc7 13.Bd3 Nd7 14.O-O Rfd8 15.Rfe1 h6
16.Bb5 Bc6 17.Qa4 Nb6 18.Rxd8+ Rxd8 19.Qa5 Bxb5 20.Qxb5 Qd7 21.Qa6 Qa4 22.Qb7 Qd7
23.Qa6 Qa4 24.Qb7 Qd7  1/2-1/2

[Event "19th Open Pula"]
[Site "Pula CRO"]
[Date "2005.06.26"]
[Round "9"]
[White "Franic,M"]
[Black "Jovanic,O"]
[Result "0-1"]
[WhiteElo "2390"]
[BlackElo "2435"]

1.d4 Nf6 2.c4 e6 3.Nf3 b6 4.Nc3 Bb4 5.Bg5 h6 6.Bh4 Bxc3+ 7.bxc3 Bb7 8.Nd2 d6
9.f3 e5 10.e4 Nbd7 11.Qa4 c5 12.Be2 cxd4 13.cxd4 O-O 14.Nb3 Qc7 15.O-O Rfe8
16.Rfd1 Bc6 17.Qa3 Nh5 18.Bf1 Nf4 19.Rac1 Rac8 20.Bf2 Nf6 21.g3 Ng6 22.dxe5 Nxe5
23.Nd4 Qb8 24.Nf5 Re6 25.Bg2 Ne8 26.Ne3 Re7 27.f4 Nd7 28.Nd5 Bxd5 29.cxd5 Nc5
30.Re1 Nf6 31.Qc3 Rce8 32.e5 dxe5 33.Bxc5 bxc5 34.fxe5 Rxe5 35.Rxe5 Rxe5
36.Qxc5 Qb2 37.Qc8+ Re8 38.Qc2 Re1+ 39.Kf2 Qxc1  0-1

[Event "33rd World Open"]
[Site "Philadelphia USA"]
[Date "2005.06.28"]
[Round "1"]
[White "Hook,W"]
[Black "Venkatesh,M"]
[Result "0-1"]
[WhiteElo "2127"]
[BlackElo "2435"]

1.d4 Nf6 2.c4 e6 3.Nf3 b6 4.Nc3 Bb7 5.e3 Bb4 6.Bd2 O-O 7.Be2 d6 8.O-O Nbd7
9.a3 Bxc3 10.Bxc3 Ne4 11.Rc1 f5 12.b4 Ndf6 13.Qb3 Qe8 14.Ne1 Qg6 15.f3 Qh6
16.Nc2 Ng5 17.d5 e5 18.f4 exf4 19.Bxf6 Qxf6 20.Nd4 fxe3 21.Nxf5 Qe5 22.Qd3 Rae8
23.Nd4 Rf2 24.Rce1 Nh3+  0-1

[Event "4th Open"]
[Site "La Fere FRA"]
[Date "2005.07.02"]
[Round "1"]
[White "Malakhatko,V"]
[Black "Vinsot,R"]
[Result "1-0"]
[WhiteElo "2556"]
[BlackElo "2077"]

1.d4 Nf6 2.Nf3 e6 3.c4 b6 4.Nc3 Bb7 5.Bg5 Be7 6.Qc2 d5 7.Bxf6 Bxf6 8.cxd5 exd5
9.e3 O-O 10.O-O-O Nd7 11.h4 Re8 12.g4 g6 13.Kb1 Nf8 14.g5 Bg7 15.Ne2 Ne6
16.Bh3 Qd6 17.h5 c5 18.Qd2 a5 19.Nc3 c4 20.Rhg1 Bc6 21.h6 Bh8 22.Ne5 Bxe5
23.dxe5 Qxe5 24.f4 Qh8 25.Nxd5 Bxd5 26.Qxd5 Rac8 27.Bxe6 fxe6 28.Qb5 c3 29.Rd7 Red8
30.Rg7+ Kf8 31.Qe5  1-0

[Event "34th TCh-GRE"]
[Site "Ermioni Argolidas GRE"]
[Date "2005.07.04"]
[Round "1"]
[White "Azmaiparashvili,Z"]
[Black "Rozentalis,E"]
[Result "1/2-1/2"]
[WhiteElo "2672"]
[BlackElo "2567"]

1.d4 Nf6 2.c4 e6 3.Nf3 b6 4.Nc3 Bb7 5.Bg5 Be7 6.e3 h6 7.Bh4 Ne4 8.Nxe4 Bxe4
9.Bg3 d6 10.Bd3 Bxd3 11.Qxd3 Nd7 12.d5 e5 13.e4 O-O 14.h4 Qc8 15.Nd2 Nc5
16.Qc2 Qg4 17.b4 Nd7 18.Nf1 f5 19.exf5 Qxf5 20.Qxf5 Rxf5 21.Ke2 Rf7 22.Nd2 Nf6
23.a4 a5 24.bxa5 Rxa5 25.Nb3 Ra8 26.a5 Ra6 27.axb6 Rxb6 28.Nd2 Rf8 29.Rhb1 Rxb1
30.Rxb1 Rc8 31.Rb7 Kf8 32.Nf1 c6 33.dxc6 Rxc6 34.Ne3 g6 35.Kd3 Ke8 36.Ra7 Rc8
37.Bh2 h5 38.Bg3 Kd8 39.f3 Rc7 40.Ra8+ Kd7 41.Be1 Rc8 42.Rxc8 Kxc8 43.g4 hxg4
44.fxg4 Kd7 45.g5 Nh5 46.Nd5 Bd8 47.Ke4 Ke6 48.Kf3 Kf5 49.Bb4 Ke6 50.Kg4 Ng7
51.Bd2 Nh5 52.Bc3 Ng7 53.Nf4+ Kf7 54.Nd3 Nf5 55.c5 e4 56.Nf2 Ne3+ 57.Kg3 dxc5
58.Nxe4 Be7 59.Nd2 Ke6 60.Kf3  1/2-1/2

[Event "34th TCh-GRE"]
[Site "Ermioni Argolidas GRE"]
[Date "2005.07.06"]
[Round "3"]
[White "Svetushkin,D"]
[Black "Khetsuriani,B"]
[Result "1-0"]
[WhiteElo "2514"]
[BlackElo "2382"]

1.d4 Nf6 2.c4 e6 3.Nf3 b6 4.Nc3 Bb7 5.Bg5 Be7 6.Qc2 c5 7.dxc5 bxc5 8.e3 d6
9.Be2 Nbd7 10.O-O O-O 11.Rfd1 Qb6 12.Rd2 h6 13.Bh4 Rfd8 14.Rad1 a6 15.Bg3 Nf8
16.Ne1 Rac8 17.Bf3 Bxf3 18.Nxf3 Nh5 19.Ne4 Nxg3 20.hxg3 Nh7 21.g4 Nf6 22.Nxf6+ Bxf6
23.Qe4 Qc6 24.Qf4 Be7 25.g5 hxg5 26.Nxg5 Bxg5 27.Qxg5 Rd7 28.Qh4 Qc7 29.e4 Qd8
30.Qh2 e5 31.Rd3 g6 32.Rh3 Qf6 33.Rh7 Rb8 34.b3 Rbd8 35.Qh6 a5 36.Rd3 a4
37.Rh3 d5  1-0

[Event "ch-SCO"]
[Site "Oban SCO"]
[Date "2005.07.07"]
[Round "6"]
[White "Burnett,A"]
[Black "MacDonald,C"]
[Result "1-0"]
[WhiteElo "2191"]
[BlackElo "2049"]

1.Nf3 Nf6 2.c4 e6 3.Nc3 b6 4.d4 Bb4 5.Bg5 h6 6.Bh4 g5 7.Bg3 Ne4 8.Qc2 Bb7
9.e3 c5 10.Bd3 Bxc3+ 11.bxc3 Nxg3 12.fxg3 g4 13.Nh4 Qg5 14.O-O Qxe3+ 15.Kh1 Qg5
16.Rae1 Nc6 17.Nf5 O-O 18.Nd6 Ba6 19.Ne4 Qd8 20.Nf6+ Kg7 21.d5 Na5 22.Qd2 Qxf6
23.Rxf6 Kxf6 24.Qf4+ Ke7 25.d6+ Kd8 26.Qxh6 Re8 27.Qf6+ Kc8 28.Qxf7 Rd8 29.Rxe6 Bxc4
30.Bxc4 Nxc4 31.Re8 Nxd6 32.Rxd8+ Kxd8 33.Qd5  1-0

[Event "ch-SWE"]
[Site "Goeteborg SWE"]
[Date "2005.07.08"]
[Round "7"]
[White "Lindberg,Bo"]
[Black "Hermansson,E"]
[Result "0-1"]
[WhiteElo "2359"]
[BlackElo "2430"]

1.Nf3 Nf6 2.c4 b6 3.d4 e6 4.Nc3 Bb7 5.Bg5 Bb4 6.Nd2 Be7 7.Qc2 c5 8.Bxf6 Bxf6
9.d5 exd5 10.Nxd5 O-O 11.e3 Na6 12.Ne4 Be5 13.f4 Bxd5 14.cxd5 Nb4 15.Qb3 Bxf4
16.exf4 Qe7 17.O-O-O Qxe4 18.a3 Qxf4+ 19.Rd2 Rae8 20.Kd1 Re3 21.Qc4 Rfe8
22.Be2 R8e4 23.Qb5 a6 24.g3 Qd6 25.Qa4 Nd3  0-1

[Event "20th North Sea Cup"]
[Site "Esbjerg DEN"]
[Date "2005.07.09"]
[Round "9"]
[White "Pedersen,G"]
[Black "Hansen,JN"]
[Result "0-1"]
[WhiteElo "2244"]
[BlackElo "2059"]

1.d4 Nf6 2.Nf3 e6 3.c4 b6 4.Nc3 Bb7 5.Bg5 h6 6.Bh4 Be7 7.e3 O-O 8.Bd3 c5
9.O-O cxd4 10.exd4 d5 11.Re1 Nc6 12.cxd5 Nxd5 13.Bxe7 Ncxe7 14.Rc1 Nf5 15.Bf1 Nf4
16.Ne4 Nd6 17.Ned2 Nf5 18.Qa4 Qe7 19.Ne5 Nxg2 20.Bxg2 Bxg2 21.Kxg2 Qg5+ 22.Kf1 Qxd2
23.Red1 Qf4 24.Rc3 Qxh2 25.Qc6 Rad8 26.Qe4 Qh5 27.Rcd3 Rd5 28.Nc4 Rfd8 29.Ne5 Qh4
30.Qxh4 Nxh4 31.Nc6 R8d7 32.Ra3 Rc7 33.Nxa7 Nf5 34.b4 Nxd4 35.Ra6 b5 36.a4 bxa4
37.b5 Rb7 38.b6 a3 39.Nc8 Rd8 40.Rc1 Rb8 41.Na7 a2 42.Rc7 Rxb6 43.Rxa2 Rbb8
44.Ra5 g5 45.Rac5 Rd5 46.Rxd5 exd5 47.Rd7 Ra8 48.Kg2 Ne6 49.Nc6 d4 50.Kf3 Kg7
51.Ne5 Rf8 52.Rd6 Rd8 53.Rxd8 Nxd8 54.Ke4 Ne6 55.Kf5 Nc5 56.Nf3 Nd3 57.Nxd4 Nxf2
58.Ne2 Nd1 59.Ng3 Ne3+ 60.Ke4 Ng4 61.Kf5 Nf6 62.Ne2 Ng8 63.Ng3 Ne7+ 64.Ke5 Kg6  0-1

[Event "DMP 1st League"]
[Site "Koszalin POL"]
[Date "2005.07.09"]
[Round "6"]
[White "Klim,K"]
[Black "Strzemiecki,Z"]
[Result "0-1"]
[WhiteElo "1955"]
[BlackElo "2195"]

1.d4 e6 2.Nf3 Nf6 3.c4 b6 4.Nc3 Bb7 5.g3 Bb4 6.Bg2 O-O 7.O-O Bxc3 8.bxc3 d6
9.Nd2 Bxg2 10.Kxg2 Nbd7 11.e4 e5 12.f3 a6 13.Qe2 Qe7 14.Qd3 Rfb8 15.Rb1 Nf8
16.Rf2 Ne6 17.Nf1 Qd7 18.Rfb2 Rb7 19.Ne3 Rab8 20.Nd5 Qd8 21.Nxf6+ Qxf6 22.Be3 Qe7
23.Rb3 Rd8 24.Qe2 Rbb8 25.R3b2 Rf8 26.Re1 Rbe8 27.Qd3 Rd8 28.Rbe2 Qd7 29.Rb2 Rfe8
30.Rd2 Qc8 31.Rb2 Re7 32.Rd2 f6 33.Ree2 Ree8 34.Rb2 Qa8 35.Rf2 Nf8 36.Rb1 Re7
37.Kg1 Rde8 38.Bd2 Nd7 39.Rb2 Kh8 40.Rb1 Rf8 41.Be3 Qc6 42.d5 Qa8 43.Kg2 a5
44.Rff1 Qe8 45.Bg1 Ref7 46.Rbe1 Kg8 47.Rd1 f5 48.h3 h5 49.Qe2 Rf6 50.Bf2 Qg6
51.Rde1 R8f7 52.Bg1 Rf8 53.Bf2 Kh7 54.Bg1 Qf7 55.exf5 Rxf5 56.Qd3 Kg8 57.Re4 Qg6
58.Ree1 Qf7 59.Qe2 Rf6 60.Qd3 Re8 61.Qc2 Nf8 62.Be3 Nh7 63.Bc1 Rf8 64.Qe2 Qg6
65.Qe4 Qf7 66.Qe2 Qd7 67.Qc2 R8f7 68.Be3 g6 69.Bc1 Qf5 70.Qe4 Rf8 71.Bd2 R6f7
72.Bh6 Rb8 73.Bc1 Nf6 74.Qe2 Qd7 75.Qd3 Kg7 76.Qe3 Rh8 77.Qd3 Qf5 78.Qe2 Re8
79.Qd2 Kg8 80.Qd1 Nd7 81.Be3 e4 82.f4 Nf6 83.Kh2 Rh7 84.Bd4 Nd7 85.Re3 b5
86.cxb5 Qxd5 87.Qe2 Rhe7 88.f5 Ne5 89.Bxe5 Qxe5 90.fxg6 Qg5 91.g7 Rxg7 92.h4 Qe5
93.a4 d5 94.Qf2 Qd6 95.Rfe1 Rf8 96.Qe2 Qg6 97.Rg1 Rgf7 98.Rg2 Re8 99.Qd2 Qd6
100.Qe2 Qe5 101.Qe1 Rf3 102.Qe2 Ref8 103.c4 Rxe3 104.Qxe3 d4 105.Qh6 Rf6
106.Qd2 Kg7 107.Re2 e3 108.Qc2 Rf3 109.Rg2 Qf5 110.Qb2 Qf6 111.Qe2 Qf5 112.Qb2 Qf6
113.Qe2 Kh6 114.Qd3 Rf2 115.Qe4 e2 116.g4 Rxg2+ 117.Kxg2 Qf1+ 118.Kh2 Qf2+
119.Kh3 Qe3+  0-1

[Event "ch-SWE"]
[Site "Goeteborg SWE"]
[Date "2005.07.10"]
[Round "8"]
[White "Agrest,E"]
[Black "Akesson,R"]
[Result "1/2-1/2"]
[WhiteElo "2592"]
[BlackElo "2466"]

1.d4 Nf6 2.c4 e6 3.Nf3 b6 4.Nc3 Bb7 5.a3 d5 6.cxd5 Nxd5 7.Qc2 Be7 8.e4 Nxc3
9.bxc3 O-O 10.Bd3 c5 11.O-O Qc8 12.Qe2 Ba6 13.Rd1 Bxd3 14.Rxd3 Nd7 15.e5 Qc6
16.Bg5 Bxg5 17.Nxg5 cxd4 18.cxd4 Rac8 19.Rad1 h6 20.Ne4 Qd5 21.Rg3 f5 22.Nd6 Rc6
23.f4 Rxd6 24.exd6 Qxd6 25.Re3 Kf7 26.d5 exd5 27.Qd3 Nf6 28.Qxf5 Qc5 29.Qe6+ Kg6
30.Qe7 Rf7 31.Qe6 Kh7 32.Kh1 Rc7 33.h3 Ne4 34.Rxe4 dxe4 35.Qxe4+ g6 36.a4  1/2-1/2

[Event "ch-Paris Open"]
[Site "Paris FRA"]
[Date "2005.07.10"]
[Round "2"]
[White "Kogan,Ar"]
[Black "Spiridonov,N1"]
[Result "1/2-1/2"]
[WhiteElo "2580"]
[BlackElo "2381"]

1.d4 Nf6 2.Nf3 e6 3.c4 b6 4.Nc3 Bb4 5.Qb3 a5 6.Bg5 h6 7.Bh4 Bb7 8.O-O-O Bxc3
9.Qxc3 d6 10.d5 e5 11.g4 g5 12.Bg3 Nxg4 13.Bh3 Bc8 14.Nxe5 dxe5 15.f3 f6
16.fxg4 Qd6 17.Qc2 Ba6 18.Bg2 Nd7 19.Bf2 O-O-O 20.a3 h5 21.h3 Rde8 22.Be4 Kb8
23.Kb1 hxg4 24.hxg4 Bc8 25.Bg6 Reg8 26.Bf5 Rxh1 27.Rxh1 Nc5 28.Rh7 Bxf5 29.Qxf5 a4
30.Be3 Rf8 31.Bd2 e4 32.Rh3 Qd7 33.Qxd7 Nxd7 34.Bc3 f5 35.gxf5 Rxf5 36.Kc2 b5
37.Re3 bxc4 38.Rxe4 Nb6 39.Re8+ Kb7 40.e4 Rf2+ 41.Kd1 g4 42.Be5 c3 43.bxc3 Nc4
44.Ke1 Rf3 45.Bd4 Nxa3 46.Kd2 Nc4+ 47.Kc2 g3 48.e5 Rf2+ 49.Kb1 Re2 50.e6 Rf2
51.e7 Rd2  1/2-1/2